Home Print Resources E-Books E-Journals IIMT Lecture Series Library Membership Form Book Recommendation Form Campus Tour Take AdmissionAbout Us Contact Us

ORGANIC CHEMISTRY 6TH (Record no. 30892)

000 -LEADER
fixed length control field 00268nam a2200121Ia 4500
008 - FIXED-LENGTH DATA ELEMENTS--GENERAL INFORMATION
fixed length control field 170620s9999 xx 000 0 und d
100 ## - MAIN ENTRY--PERSONAL NAME
Personal name FINAR - I L
245 #0 - TITLE STATEMENT
Title ORGANIC CHEMISTRY 6TH
260 ## - PUBLICATION, DISTRIBUTION, ETC.
Name of publisher, distributor, etc. PEARSON
260 ## - PUBLICATION, DISTRIBUTION, ETC.
Date of publication, distribution, etc. 2006
300 ## - PHYSICAL DESCRIPTION
Extent 965
546 ## - LANGUAGE NOTE
Language note English
690 ## - LOCAL SUBJECT ADDED ENTRY--TOPICAL TERM (OCLC, RLIN)
Topical term or geographic name as entry element ORGANIC CHEMISTRY
Holdings
Withdrawn status Lost status Source of classification or shelving scheme Damaged status Not for loan Home library Current library Date acquired Source of acquisition Total Checkouts Barcode Date last seen Price effective from Koha item type
          NOIDA College IIMT College of Pharmacy NOIDA College IIMT College of Pharmacy 01/12/2014 1   12-B-1617 06/26/2017 06/26/2017 Text-Book- for 7 days
IIMT, Central Library. All Rights Reserved IIMT,UNIVERSITY © 2023
Implemented and Customised by I CLOUDE EMS
You Are OPAC Visitor No
free web counter

Powered by Koha